Guess the Taylor Swift Song (no hints) 173 - Statistics

General Stats
  • This quiz has been taken 57 times
  • The average score is 277 of 344
Answer Stats
Answer % Correct
A
100%
I
100%
You
100%
you
100%
you"
100%
And
97%
"He
97%
is
97%
Is
97%
the
97%
they
97%
I'm
94%
"I'm
94%
it
94%
it"
94%
me
94%
on
94%
to
94%
was
94%
be
91%
by
91%
in
91%
In
91%
my
91%
one
91%
there
91%
When
91%
when
91%
who
91%
your
91%
are
88%
like
88%
no
88%
of
88%
so
88%
So
88%
that
88%
too"
88%
With
88%
all
84%
been
84%
But
84%
do
84%
for
84%
here"
84%
here
84%
how
84%
How
84%
knew
84%
know
84%
know?
84%
said
84%
said,
84%
What
84%
what
84%
you'd
84%
"Baby,
81%
I've
81%
right
81%
say
81%
say,
81%
happy
78%
"Happy
78%
just
78%
Just
78%
not
78%
Now
78%
should've
78%
Should've
78%
time
78%
would've
78%
As
75%
they're
75%
thing
75%
didn't
72%
moment
72%
door
69%
felt
69%
friends
69%
got
69%
singing
69%
slow
69%
sorry,
69%
sorry
69%
through
69%
wanna
69%
always
66%
back
66%
down
66%
everyone
66%
eye
66%
he'd
66%
lipstick
66%
missing
66%
(missing,
66%
missing)
66%
motion
66%
party
66%
red
66%
seem
66%
smile
66%
something
66%
Standing
66%
standing
66%
there's
66%
around
63%
birthday
63%
dress
63%
had
63%
laughing
63%
looking
63%
try
63%
waiting
63%
impress
59%
make
59%
really
59%
room
59%
show?
59%
about
56%
ask
56%
burst
56%
called
56%
face
56%
feeling
56%
front
56%
later
56%
little
56%
means
56%
million
56%
most
56%
ticking
56%
walk
56%
wrong
56%
alone
53%
bathroom
53%
fall
53%
hall
53%
pass
53%
People
53%
stars
53%
apart
50%
close
50%
memory
50%
Ooh,
50%
Ooh
50%
shining
50%
sinking
50%
starts
50%
streaming
50%
tears
50%
asking
47%
Christmas
47%
follow
47%
hours
47%
lights
47%
aligned
44%
comb
44%
glisten
44%
hopelessly
44%
No matching quizzes found
Score Distribution
Percent of People with Each Score
Percentile by Number Answered
Your Score History
You have not taken this quiz